[Event "Bay Area International"]
[Site "?"]
[Date "2014.01.05"]
[Round "6"]
[White "de Guzman, Ricardo"]
[Black "Shivaji, Shivkumar"]
[Result "1/2-1/2"]
[WhiteElo "2409"]
[BlackElo "2273"]
[PlyCount "197"]
[EventDate "2014.??.??"]

1. d4 Nf6 2. Nf3 g6 3. Bg5 Bg7 4. Nbd2 d6 5. c3 O-O 6. e3 c5 7. Bc4 Nc6 8. O-O
b6 9. Re1 Bb7 10. a3 a6 11. Bf1 Qc7 12. Rc1 Rac8 13. e4 h6 14. Bh4 e6 15. h3
Rfe8 16. e5 dxe5 17. dxe5 Nh5 18. Nc4 g5 19. Nxg5 hxg5 20. Bxg5 f6 21. Be3 Nxe5
22. Qxh5 Nf7 23. Qg6 b5 24. Nd2 Ne5 25. Qg3 Qf7 26. c4 b4 27. Nb3 bxa3 28. bxa3
Nd7 29. Rcd1 Bc6 30. Rd6 Ba4 31. Nd2 Bc2 32. Rxa6 Ra8 33. Rxa8 Rxa8 34. Bh6 Ne5
35. f4 Ng6 36. Bxg7 Kxg7 37. Qc3 Ba4 38. Ne4 Nxf4 39. Qg3+ Ng6 40. Nxc5 e5 41.
Bd3 Be8 42. Bxg6 Qxg6 43. Qf3 Ra5 44. Ne6+ Kh8 45. Kh2 Ra6 46. Re4 Bc6 47. Rh4+
Kg8 48. Qg4 Qxg4 49. Rxg4+ Kh8 50. Nd8 Be8 51. Rg3 Rd6 52. Nb7 Rb6 53. Nc5 Rc6
54. Ne4 f5 55. Nd2 Rd6 56. Nb3 e4 57. c5 Rd1 58. Re3 Ba4 59. Na5 Rc1 60. c6 Rc5
61. Nb3 Rxc6 62. Nd4 Rf6 63. Ne2 Ra6 64. Kg3 Rg6+ 65. Kf2 Kg7 66. Rc3 Rd6 67.
Ke3 Kf6 68. Nd4 Bd7 69. Rc7 Be8 70. Rc5 Bg6 71. Rc6 Rxc6 72. Nxc6 Be8 73. Nd4
Ke5 74. g3 Bd7 75. h4 Be8 76. Ne2 Bh5 77. Nc3 Be8 78. a4 Bf7 79. a5 Bc4 80. h5
Kf6 81. Ne2 Kg5 82. Nf4 Ba6 83. Nd5 Kxh5 84. Kd4 Kg4 85. Ne3+ Kxg3 86. Nxf5+
Kf3 87. Nh4+ Kf4 88. Ng2+ Kf3 89. Ne1+ Kf4 90. Ng2+ Kf3 91. Nh4+ Kf4 92. Ng6+
Kf3 93. Ne5+ Kf4 94. Nc4 Bxc4 95. Kxc4 e3 96. Kd3 Kf3 97. a6 e2 98. a7 e1=Q 99.
a8=Q+ 1/2-1/2

[Event "Bay Area International"]
[Site "?"]
[Date "2014.01.05"]
[Round "6"]
[White "Friedel, Josh"]
[Black "Ipatov, Alexander"]
[Result "1/2-1/2"]
[WhiteElo "2490"]
[BlackElo "2615"]
[PlyCount "92"]
[EventDate "2014.??.??"]

1. Nf3 Nf6 2. g3 b5 3. Bg2 Bb7 4. Na3 a6 5. c4 c6 6. d4 d5 7. b3 e6 8. O-O Nbd7
9. Bb2 Be7 10. c5 h5 11. Nc2 Ne4 12. a4 h4 13. b4 hxg3 14. hxg3 f6 15. Nd2 f5
16. Ne1 Ndf6 17. Ndf3 Ng4 18. Nd3 Bf6 19. Qc1 Qc7 20. axb5 cxb5 21. Nde5 Bxe5
22. dxe5 Bc6 23. Ng5 Qe7 24. Nxe4 dxe4 25. Rd1 Bd5 26. f3 Nh2 27. Ra3 g5 28. c6
Rc8 29. Rc3 exf3 30. exf3 Qa7+ 31. Rc5 Nxf3+ 32. Kf2 g4 33. Rh1 Qg7 34. Rxh8+
Qxh8 35. c7 Qg7 36. Rxd5 exd5 37. Qc6+ Kf8 38. Bxf3 gxf3 39. Qd6+ Qe7 40. Qh6+
Kf7 41. g4 Rxc7 42. gxf5 Rc2+ 43. Kxf3 Rxb2 44. e6+ Kg8 45. f6 Rb3+ 46. Kg2
Rb2+ 1/2-1/2

[Event "Bay Area International"]
[Site "?"]
[Date "2014.01.05"]
[Round "6"]
[White "Gerzhoy, Leonid"]
[Black "Cornejo, Max"]
[Result "1/2-1/2"]
[WhiteElo "2481"]
[BlackElo "2365"]
[PlyCount "88"]
[EventDate "2014.??.??"]

1. e4 c5 2. Nf3 Nc6 3. Bb5 d6 4. Bxc6+ bxc6 5. O-O Bg4 6. h3 Bxf3 7. Qxf3 e6 8.
d3 Ne7 9. Qg3 Ng6 10. f4 f5 11. b3 Be7 12. Bb2 O-O 13. Nd2 d5 14. exf5 exf5 15.
Nf3 d4 16. Rae1 Bf6 17. Re2 Qc7 18. Bc1 Rae8 19. Rfe1 Rxe2 20. Rxe2 Ne7 21. Qe1
Nd5 22. Re8 Qd7 23. Qe6+ Qxe6 24. Rxe6 Rc8 25. Ne5 Nc3 26. Bd2 Nxa2 27. Rxc6
Rxc6 28. Nxc6 a6 29. Nb8 Be7 30. Nxa6 Bd6 31. Ba5 Kf7 32. Bb6 Ke6 33. Bxc5 Bxc5
34. Nxc5+ Kd6 35. Na4 Nb4 36. c3 Nxd3 37. cxd4 Nxf4 38. Nc3 Nd5 39. Nxd5 Kxd5
40. Kf2 Kxd4 41. b4 Kc4 42. Ke3 Kxb4 43. Kd4 f4 44. Ke4 Kc4 1/2-1/2

[Event "Bay Area International"]
[Site "?"]
[Date "2014.01.05"]
[Round "6"]
[White "Gurevich, Daniel"]
[Black "Hernandez, Holden"]
[Result "0-1"]
[WhiteElo "2272"]
[BlackElo "2548"]
[PlyCount "102"]
[EventDate "2014.??.??"]

1. e4 c6 2. d4 d5 3. exd5 cxd5 4. c4 Nf6 5. Nc3 Nc6 6. Bg5 Be6 7. a3 Qd7 8. c5
Ne4 9. Nxe4 dxe4 10. Bb5 h6 11. Be3 g5 12. Ne2 f5 13. g3 Bg7 14. h4 O-O-O 15.
Qa4 a6 16. Bxc6 Qxc6 17. Qxc6+ bxc6 18. Kd2 Bf6 19. hxg5 hxg5 20. b4 Bc4 21.
Rxh8 Rxh8 22. Rc1 Bd3 23. Rf1 Kd7 24. Rd1 Rh2 25. Rg1 e5 26. dxe5 Bxe5 27. Ke1
Bxe2 28. Kxe2 f4 29. gxf4 gxf4 30. Rg4 fxe3 31. Kxe3 Ke6 32. Rxe4 Kf5 33. Rc4
Rh3+ 34. f3 Rh2 35. a4 Ra2 36. a5 Ra3+ 37. Ke2 Ke6 38. Rh4 Kd5 39. Rh5 Kd4 40.
Rh6 Ra2+ 41. Kf1 Kd5 42. Rh5 Ke6 43. Rh7 Bc3 44. Rh6+ Kd7 45. Rh7+ Kd8 46. Rb7
Ra4 47. Rb6 Kc7 48. Rxa6 Bxb4 49. Ra7+ Kb8 50. Ra6 Kb7 51. Rb6+ Kc7 0-1

[Event "Bay Area International"]
[Site "?"]
[Date "2014.01.05"]
[Round "6"]
[White "Ishkhanov, Tigran"]
[Black "Viswanadha, Kesav"]
[Result "1/2-1/2"]
[WhiteElo "2314"]
[BlackElo "2153"]
[PlyCount "94"]
[EventDate "2014.??.??"]

1. d4 Nf6 2. c4 e6 3. Nc3 Bb4 4. e3 O-O 5. Nge2 Re8 6. a3 Bf8 7. Ng3 d5 8. cxd5
exd5 9. Bd3 Nbd7 10. b4 c6 11. O-O a5 12. b5 c5 13. Ra2 b6 14. f3 Bb7 15. Bb1
Rc8 16. Nge2 g6 17. Rc2 Bh6 18. Nf4 Nf8 19. Nce2 Ne6 20. Ba2 Nxf4 21. Nxf4 Qd6
22. g3 cxd4 23. exd4 Rxc2 24. Qxc2 Rc8 25. Qd3 Nh5 26. Ne2 Bxc1 27. Rxc1 Rxc1+
28. Nxc1 Bc8 29. Ne2 Bf5 30. Qb3 Nf6 31. Nf4 Kh8 32. Qe3 Kg7 33. g4 Be6 34. Qe5
Qxe5 35. dxe5 Nd7 36. Bxd5 Nxe5 37. Bxe6 fxe6 38. Nxe6+ Kf6 39. Nd4 Nc4 40. Nc2
Ke5 41. Kf2 Nd6 42. a4 Nc4 43. h4 Nb2 44. Ke3 Nc4+ 45. Kd3 Nb2+ 46. Ke3 Nc4+
47. Kd3 Nb2+ 1/2-1/2

[Event "Bay Area International"]
[Site "?"]
[Date "2014.01.05"]
[Round "6"]
[White "Iyengar, Udit"]
[Black "Coraretti, Benjamin"]
[Result "0-1"]
[WhiteElo "2031"]
[BlackElo "2170"]
[PlyCount "134"]
[EventDate "2014.??.??"]

1. e4 e5 2. Nf3 Nc6 3. Bb5 Nf6 4. O-O Bc5 5. c3 O-O 6. d4 Bb6 7. Bg5 h6 8. Bh4
d6 9. Re1 Bd7 10. d5 Ne7 11. Bxd7 Nxd7 12. a4 a6 13. Qd3 Qe8 14. Nbd2 Ng6 15.
Bg3 Nf6 16. Nc4 Ba7 17. Nh4 Nxh4 18. Bxh4 Nh5 19. Qf3 Nf4 20. Bg3 Ng6 21. Ne3
Bxe3 22. fxe3 Qe7 23. Qg4 Qg5 24. Qxg5 hxg5 25. Rf1 a5 26. b4 Ne7 27. Rfd1 Nc8
28. Ra2 Nb6 29. Rda1 Ra7 30. Rc1 Rfa8 31. Be1 Nd7 32. Kf2 Nf6 33. Kf3 g4+ 34.
Ke2 Nxe4 35. Kd3 f5 36. Bd2 Kf7 37. Be1 Ke7 38. h3 g3 39. Ke2 Kd7 40. b5 b6 41.
Kf3 Rh8 42. Bxg3 Raa8 43. Rac2 g5 44. Rf1 g4+ 45. hxg4 Rag8 46. Be1 Rxg4 47. g3
Nc5 48. Kg2 Rh5 49. Rcf2 Rgg5 50. Ra2 Ke7 51. Bd2 Rg4 52. Kf3 Rh2 53. Rf2 Rxf2+
54. Kxf2 Ne4+ 55. Kg2 Rxg3+ 56. Kh2 Rf3 57. Be1 Rxe3 58. Bh4+ Kd7 59. c4 Rd3
60. Ra1 f4 61. Rg1 Ng3 62. Rc1 Ra3 63. Rc2 Nf5 64. Bf6 Rg3 65. Re2 Rg6 66. Bxe5
dxe5 67. Rxe5 Nd6 0-1

[Event "Bay Area International"]
[Site "?"]
[Date "2014.01.05"]
[Round "6"]
[White "Lobo, Richard"]
[Black "Bryant, John"]
[Result "0-1"]
[WhiteElo "2242"]
[BlackElo "2410"]
[PlyCount "52"]
[EventDate "2014.??.??"]

1. c4 e5 2. Nc3 Nf6 3. Nf3 Nc6 4. g3 d5 5. cxd5 Nxd5 6. d3 Nb6 7. Bg2 Be7 8.
O-O O-O 9. a3 Re8 10. b4 Bf8 11. Bb2 a5 12. b5 Nd4 13. Nd2 a4 14. e3 Ne6 15.
Nf3 Nc5 16. d4 Nb3 17. Nxa4 Nxa1 18. Nxb6 cxb6 19. Nxe5 Rxe5 20. dxe5 Qxd1 21.
Rxd1 Nb3 22. Rd8 Nc5 23. f4 Ne6 24. Re8 f5 25. Bxb7 Bxb7 26. Rxe6 Bc5 0-1

[Event "Bay Area International"]
[Site "?"]
[Date "2014.01.05"]
[Round "6"]
[White "Melekhina, Alisa"]
[Black "Hendrickson, Nolan"]
[Result "1-0"]
[WhiteElo "2188"]
[BlackElo "2145"]
[PlyCount "59"]
[EventDate "2014.??.??"]

1. e4 c5 2. Nc3 Nc6 3. g3 g6 4. Bg2 Bg7 5. d3 d6 6. Be3 Nf6 7. h3 O-O 8. Nge2
Bd7 9. Qd2 Re8 10. O-O Rb8 11. g4 b5 12. Ng3 b4 13. Nce2 Bc8 14. f4 Nd7 15. Qc1
Nd4 16. f5 Nxe2+ 17. Nxe2 Ne5 18. Nf4 e6 19. Ne2 Qc7 20. f6 Bh8 21. g5 a5 22.
h4 Ba6 23. Qe1 a4 24. b3 Bb5 25. h5 Rb7 26. Bf4 Ra7 27. Bxe5 dxe5 28. hxg6 hxg6
29. bxa4 Bxa4 30. Rf3 1-0

[Event "Bay Area International"]
[Site "?"]
[Date "2014.01.05"]
[Round "6"]
[White "Mikhalevski, Victor"]
[Black "Gorovets, Andrey"]
[Result "1-0"]
[WhiteElo "2536"]
[BlackElo "2494"]
[PlyCount "101"]
[EventDate "2014.??.??"]

1. Nf3 d5 2. d4 e6 3. c4 a6 4. g3 dxc4 5. Bg2 Nc6 6. O-O Nf6 7. Nc3 Rb8 8. e4
Be7 9. Qe2 b5 10. Rd1 O-O 11. d5 exd5 12. e5 d4 13. exf6 Bxf6 14. Qe4 Bb7 15.
Nd5 Nb4 16. Nxf6+ Qxf6 17. Qf4 c5 18. Qxf6 gxf6 19. Bf4 Rbd8 20. Bc7 Rc8 21.
Bd6 Rfd8 22. Be7 Re8 23. Bxf6 Nd5 24. Nxd4 cxd4 25. Rxd4 Nxf6 26. Bxb7 Rb8 27.
Bf3 Red8 28. Rad1 Rxd4 29. Rxd4 Rb6 30. a4 bxa4 31. Rxc4 Rb3 32. Kg2 a3 33.
bxa3 Rxa3 34. Rc7 Kg7 35. Be2 Ne8 36. Re7 Kf8 37. Rb7 a5 38. Bh5 Nd6 39. Rd7
Rd3 40. Bxf7 a4 41. Be6 h6 42. f4 a3 43. f5 Rd2+ 44. Kf3 a2 45. Ra7 Rxh2 46. f6
Ne8 47. Rf7+ Kg8 48. Rg7+ Kh8 49. Rg8+ Kh7 50. f7 a1=Q 51. Bf5# 1-0

[Event "Bay Area International"]
[Site "?"]
[Date "2014.01.05"]
[Round "6"]
[White "Piasetski, Leon"]
[Black "Liou, Yian"]
[Result "1/2-1/2"]
[WhiteElo "2289"]
[BlackElo "2391"]
[PlyCount "72"]
[EventDate "2014.??.??"]

1. Nf3 d5 2. d4 Nf6 3. c4 c6 4. e3 a6 5. a4 g6 6. Nc3 Bg7 7. Be2 O-O 8. O-O a5
9. Bd2 e6 10. Qb3 Nbd7 11. Rfd1 Re8 12. Be1 b6 13. Qc2 Bb7 14. e4 Nxe4 15. Nxe4
dxe4 16. Qxe4 Qe7 17. Bc3 f5 18. Qe3 c5 19. dxc5 Bxc3 20. Qxc3 Nxc5 21. Ne5
Rad8 22. f3 Rxd1+ 23. Bxd1 Rd8 24. Bc2 Rd6 25. Rd1 Rxd1+ 26. Bxd1 Qd6 27. Bc2
Bc6 28. b3 Nd7 29. f4 Nc5 30. h3 Be4 31. Bxe4 Nxe4 32. Qd3 Qc5+ 33. Kh2 Qf2 34.
Qd8+ Kg7 35. Nd3 Qg3+ 36. Kg1 Qe3+ 1/2-1/2

[Event "Bay Area International"]
[Site "?"]
[Date "2014.01.05"]
[Round "6"]
[White "Remlinger, Larry"]
[Black "Banik, Siddharth"]
[Result "1-0"]
[WhiteElo "2304"]
[BlackElo "2002"]
[PlyCount "47"]
[EventDate "2014.??.??"]

1. Nf3 Nf6 2. c4 g6 3. b4 Bg7 4. Bb2 O-O 5. g3 c6 6. Bg2 a5 7. b5 d5 8. a4 dxc4
9. Na3 Be6 10. Rc1 cxb5 11. axb5 Qb6 12. O-O Nbd7 13. Ng5 Bd5 14. e4 h6 15.
exd5 hxg5 16. Qa4 Qd6 17. Nxc4 Nb6 18. Nxb6 Qxb6 19. Ba3 Rfe8 20. Rfe1 e6 21.
Bc5 Qd8 22. dxe6 Qxd2 23. exf7+ Kxf7 24. Qc4+ 1-0

[Event "Bay Area International"]
[Site "?"]
[Date "2014.01.05"]
[Round "6"]
[White "Roiz, Michael"]
[Black "Berczes, David"]
[Result "1/2-1/2"]
[WhiteElo "2614"]
[BlackElo "2519"]
[PlyCount "31"]
[EventDate "2014.??.??"]

1. e4 e5 2. Nf3 Nc6 3. Bb5 a6 4. Ba4 Nf6 5. O-O Be7 6. d3 d6 7. c3 O-O 8. Re1
b5 9. Bc2 d5 10. Nbd2 d4 11. h3 Nd7 12. a4 Bb7 13. Nb3 Nb6 14. axb5 axb5 15.
Rxa8 Bxa8 16. Bd2 1/2-1/2

[Event "Bay Area International"]
[Site "?"]
[Date "2014.01.05"]
[Round "6"]
[White "Ruiz, Joshua"]
[Black "Haessel, Dale"]
[Result "0-1"]
[WhiteElo "2374"]
[BlackElo "2211"]
[PlyCount "78"]
[EventDate "2014.??.??"]

1. e4 e5 2. Nf3 Nf6 3. Nxe5 d6 4. Nf3 Nxe4 5. Nc3 Nxc3 6. dxc3 Be7 7. Be3 Nc6
8. Qd2 Be6 9. O-O-O Qd7 10. a3 Bf6 11. h4 h6 12. Kb1 a6 13. Nd4 Nxd4 14. Bxd4
Bxd4 15. Qxd4 f6 16. Be2 O-O-O 17. Qa7 c6 18. Rd4 c5 19. Rd2 Kc7 20. Bf3 Qb5
21. a4 Qb6 22. Qxb6+ Kxb6 23. Re1 Rhe8 24. Rde2 Bd7 25. Re7 g5 26. g3 gxh4 27.
gxh4 Rxe7 28. Rxe7 Bc6 29. Bxc6 Kxc6 30. Re6 Rg8 31. Rxf6 Rg1+ 32. Ka2 Rg4 33.
f4 Rxh4 34. c4 h5 35. a5 Rg4 36. Kb3 h4 37. f5 h3 38. Rh6 Rg3+ 39. c3 Rf3 0-1

[Event "Bay Area International"]
[Site "?"]
[Date "2014.01.05"]
[Round "6"]
[White "Santarius, Erik"]
[Black "Rui, Gao"]
[Result "0-1"]
[WhiteElo "2343"]
[BlackElo "2454"]
[PlyCount "86"]
[EventDate "2014.??.??"]

1. e4 c5 2. Nf3 d6 3. Bb5+ Bd7 4. Bxd7+ Nxd7 5. O-O Ngf6 6. Qe2 Rc8 7. b3 g6 8.
e5 Nxe5 9. Nxe5 dxe5 10. Bb2 Nd7 11. Bxe5 Nxe5 12. Qxe5 Qd4 13. Qxd4 cxd4 14.
c4 dxc3 15. dxc3 Bg7 16. Rc1 e6 17. a4 Ke7 18. Kf1 Rc6 19. Ra2 Rd8 20. Ke2 Rc5
21. Rac2 a6 22. Kf1 Bh6 23. Re1 Rd3 24. Ke2 Rd6 25. g3 Rb6 26. Rb2 Ra5 27. f4
Bg7 28. Rd1 Rxa4 29. Rbd2 Rxb3 30. Rd7+ Kf6 31. Rc7 Ra2+ 32. Nd2 g5 33. Kf3
Rba3 34. Ne4+ Kg6 35. Rdd7 gxf4 36. Rxf7 Bxc3 37. Kxf4 h5 38. Nd6 Rf2+ 39. Ke4
Rxf7 40. Nxf7 b5 41. h4 Bf6 42. Kf4 Ra4+ 43. Kf3 b4 0-1

[Event "Bay Area International"]
[Site "?"]
[Date "2014.01.05"]
[Round "6"]
[White "Shankland, Sam"]
[Black "Macieja, Bartlomiej"]
[Result "1-0"]
[WhiteElo "2602"]
[BlackElo "2583"]
[PlyCount "115"]
[EventDate "2014.??.??"]

1. e4 c6 2. d4 d5 3. e5 Bf5 4. Nf3 e6 5. Be2 c5 6. Be3 cxd4 7. Nxd4 Ne7 8. Nd2
Nbc6 9. N2f3 Be4 10. O-O a6 11. Rc1 Qd7 12. Qd2 Ng6 13. Ng5 Ngxe5 14. Nxe4 dxe4
15. Rfd1 Rc8 16. c3 Nxd4 17. Qxd4 Qxd4 18. cxd4 Nc6 19. d5 exd5 20. Rxd5 Rd8
21. Rxd8+ Nxd8 22. Rc4 Bd6 23. Rxe4+ Kd7 24. Bg4+ Kc7 25. Bd4 Rg8 26. g3 Nc6
27. Bc3 f6 28. Bf5 h6 29. f4 Bc5+ 30. Kf1 Rd8 31. b4 Bd4 32. Be1 Ba7 33. a4 b5
34. a5 Rd1 35. Re6 Rc1 36. Kg2 Bd4 37. Kh3 Bc3 38. Bf2 Nd4 39. Re7+ Kb8 40.
Re8+ Kb7 41. Bc8+ Kc6 42. Bxa6 Kd5 43. Rd8+ Ke4 44. Bb7+ Kd3 45. a6 Ra1 46. Rd7
Ra2 47. Bc6 Rxf2 48. Bxb5+ Ke3 49. Re7+ Kf3 50. a7 Ra2 51. Bc4 Ra3 52. Bd5+ Kf2
53. Rxg7 Bxb4 54. a8=Q Rxa8 55. Bxa8 f5 56. Rf7 Ba5 57. Kh4 Kg1 58. g4 1-0

[Event "Bay Area International"]
[Site "?"]
[Date "2014.01.05"]
[Round "6"]
[White "Shen, Victor"]
[Black "Xiong, Jeffery"]
[Result "0-1"]
[WhiteElo "2424"]
[BlackElo "2331"]
[PlyCount "92"]
[EventDate "2014.??.??"]

1. d4 Nf6 2. c4 e6 3. Nc3 Bb4 4. g3 d5 5. Bg2 O-O 6. Nf3 dxc4 7. O-O Nc6 8. a3
Be7 9. e4 Na5 10. Be3 c6 11. Qe2 b5 12. Rad1 Bb7 13. Ne5 a6 14. g4 Nd7 15. Nxd7
Qxd7 16. f4 Nb3 17. Kh1 Qc7 18. e5 Rad8 19. Qf3 f5 20. gxf5 Rxf5 21. Qg3 Bf8
22. Be4 Qf7 23. Qg2 Qe8 24. Ne2 Kh8 25. Ng3 Rf7 26. Kg1 g6 27. Bf3 Rfd7 28. Ne2
Rc7 29. Bf2 Qf7 30. Bh4 Rdd7 31. Bf2 c5 32. Bxb7 Rxb7 33. dxc5 Nxc5 34. Qc6 Nd3
35. Qxa6 Qf5 36. Qc6 Qg4+ 37. Ng3 Rbc7 38. Qxb5 Nxf4 39. Qb8 Nh3+ 40. Kg2 Nf4+
41. Kg1 Rf7 42. Qa8 Nh3+ 43. Kg2 Nxf2 44. Rd8 Qh3+ 45. Kg1 Kg7 46. Rxf2 Rxf2
0-1

[Event "Bay Area International"]
[Site "?"]
[Date "2014.01.05"]
[Round "6"]
[White "Shiqun, Ni"]
[Black "Kiewra, Keaton"]
[Result "1-0"]
[WhiteElo "2299"]
[BlackElo "2413"]
[PlyCount "79"]
[EventDate "2014.??.??"]

1. e4 c5 2. Nf3 e6 3. c4 Nc6 4. Be2 e5 5. Nc3 d6 6. d3 g6 7. h4 h5 8. Bg5 f6 9.
Bd2 Bh6 10. Nd5 Be6 11. a3 Kf7 12. b4 Bxd2+ 13. Qxd2 Bxd5 14. cxd5 Nd4 15. Rb1
b6 16. O-O Nxf3+ 17. Bxf3 Rc8 18. bxc5 Rxc5 19. d4 exd4 20. Qxd4 Qc7 21. Be2
Ne7 22. Rb3 Rc8 23. Ba6 Rc3 24. Bxc8 Rxb3 25. Be6+ Kg7 26. Qa4 Rc3 27. Qe8 Rc1
28. Rxc1 Qxc1+ 29. Kh2 Qc7 30. Qf7+ Kh6 31. Qxf6 Kh7 32. f4 Ng8 33. Bxg8+ Kxg8
34. Qxg6+ Kf8 35. Qxh5 Qg7 36. e5 b5 37. Qf5+ Qf7 38. Qxf7+ Kxf7 39. e6+ Kf6
40. h5 1-0

[Event "Bay Area International"]
[Site "?"]
[Date "2014.01.05"]
[Round "6"]
[White "Studen, Damir"]
[Black "Wang, Michael"]
[Result "1/2-1/2"]
[WhiteElo "2285"]
[BlackElo "2040"]
[PlyCount "78"]
[EventDate "2014.??.??"]

1. d4 Nf6 2. c4 g6 3. Nc3 Bg7 4. e4 d6 5. f4 O-O 6. Nf3 c5 7. dxc5 dxc5 8. Qxd8
Rxd8 9. e5 Ne8 10. Be3 b6 11. Nd5 Nc6 12. O-O-O Bb7 13. Bd3 e6 14. Nc3 Nd4 15.
Bxd4 Bxf3 16. gxf3 cxd4 17. Ne4 Bh6 18. Ng5 Ng7 19. Kc2 Nh5 20. Nh3 Rac8 21. b4
Nxf4 22. Nxf4 Bxf4 23. Rde1 a5 24. a3 axb4 25. axb4 Ra8 26. Kb3 Ra7 27. Ra1
Rda8 28. Rxa7 Rxa7 29. Re1 Kf8 30. h3 Ke7 31. c5 bxc5 32. bxc5 Kd7 33. Kc4 Be3
34. Rb1 Kc7 35. Be4 Ra4+ 36. Kd3 Ra3+ 37. Ke2 Ra2+ 38. Kd3 Ra3+ 39. Ke2 Ra2+
1/2-1/2

[Event "Bay Area International"]
[Site "?"]
[Date "2014.01.05"]
[Round "6"]
[White "Vibbert, Sean"]
[Black "Ashe, Brandon"]
[Result "0-1"]
[WhiteElo "2333"]
[BlackElo "2193"]
[PlyCount "102"]
[EventDate "1.??.??"]

1. e4 c5 2. Nc3 Nc6 3. g3 g6 4. d3 Bg7 5. Be3 d6 6. Qd2 e6 7. Bg2 Qa5 8. Nge2
Nd4 9. Nc1 Ne7 10. O-O O-O 11. Nd5 Nec6 12. Qxa5 Nxa5 13. Bxd4 cxd4 14. Ne7+
Kh8 15. e5 Bxe5 16. b4 Nc6 17. Bxc6 bxc6 18. Nxc6 Bf6 19. Nb3 e5 20. f4 Kg7 21.
fxe5 dxe5 22. Nc5 Bh3 23. Rfe1 Rfc8 24. Nxe5 a5 25. Nc4 axb4 26. Ne4 Rc6 27.
Reb1 Be7 28. Rb2 Be6 29. Ne5 Rca6 30. Nf3 Bxa2 31. Nxd4 f5 32. Nd2 Bc5 33. N2f3
Bd5 34. Rxa6 Rxa6 35. Kf1 Ra1+ 36. Ke2 Rh1 37. Nb3 Bd6 38. Nbd2 Kf6 39. Nc4 Bc5
40. Ncd2 g5 41. d4 Bd6 42. h4 g4 43. Ne5 Rh2+ 44. Ke3 Rg2 45. Nf1 b3 46. Nd2
Rxg3+ 47. Kf4 bxc2 48. Rxc2 Rd3 49. Rb2 Rxd4+ 50. Ke3 Kxe5 51. Rb6 Ra4 0-1

[Event "Bay Area International"]
[Site "?"]
[Date "2014.01.05"]
[Round "6"]
[White "Vovsha, Eli"]
[Black "Odondo, Ganbold"]
[Result "1-0"]
[WhiteElo "2483"]
[BlackElo "2335"]
[PlyCount "58"]
[EventDate "1.??.??"]

1. e4 e5 2. Nf3 Nc6 3. d4 exd4 4. Nxd4 Nf6 5. Nxc6 bxc6 6. e5 Qe7 7. Qe2 Nd5 8.
c4 Nb6 9. Nc3 a5 10. Qe4 a4 11. Bd3 Ra5 12. f4 d5 13. exd6 cxd6 14. Be3 Qxe4
15. Nxe4 Nxc4 16. Bxc4 d5 17. Bb6 Ra8 18. O-O-O Be7 19. Rhe1 dxe4 20. Rxe4 Be6
21. Bxe6 fxe6 22. Rxe6 Kf7 23. f5 Bg5+ 24. Kc2 Rhf8 25. Rd7+ Kg8 26. Bd4 Rf7
27. Rxf7 Kxf7 28. Rxc6 Bd8 29. g4 g6 1-0

[Event "Bay Area International"]
[Site "?"]
[Date "2014.01.05"]
[Round "6"]
[White "Wheeler, Cameron"]
[Black "Sevian, Samuel"]
[Result "0-1"]
[WhiteElo "2192"]
[BlackElo "2401"]
[PlyCount "62"]
[EventDate "1.??.??"]

1. Nf3 d5 2. c4 d4 3. e3 Nc6 4. exd4 Nxd4 5. Nxd4 Qxd4 6. Nc3 Nh6 7. Nb5 Qd8 8.
d4 c6 9. Nc3 Nf5 10. d5 cxd5 11. cxd5 g6 12. g4 Nd6 13. Be3 h5 14. g5 Bg7 15.
Bd4 Bxd4 16. Qxd4 O-O 17. O-O-O Bg4 18. Rd2 Qa5 19. Be2 Bf5 20. a3 Rfc8 21. Kd1
b5 22. Re1 Rab8 23. Qb4 Qc7 24. Bf3 a5 25. Qf4 b4 26. axb4 axb4 27. Na2 Qa7 28.
b3 Bc2+ 29. Rxc2 Rxc2 30. Kxc2 Qxa2+ 31. Kd3 Rc8 0-1

[Event "Bay Area International"]
[Site "?"]
[Date "2014.01.06"]
[Round "7"]
[White "Anderson, Michael"]
[Black "Chevannes, Sabrina"]
[Result "0-1"]
[WhiteElo "1886"]
[BlackElo "2176"]
[PlyCount "34"]
[EventDate "2014.??.??"]

1. e4 c6 2. d4 d5 3. f3 e5 4. dxe5 Bc5 5. Nc3 Qb6 6. Na4 Bf2+ 7. Ke2 Qd4 8.
Qxd4 Bxd4 9. exd5 Bxe5 10. dxc6 Nxc6 11. Kf2 Nge7 12. Bd3 Bf5 13. Be3 Bxd3 14.
cxd3 O-O-O 15. f4 Bc7 16. Nf3 Nf5 17. g3 Rxd3 0-1

[Event "Bay Area International"]
[Site "?"]
[Date "2014.01.06"]
[Round "7"]
[White "Ashe, Brandon"]
[Black "Roiz, Michael"]
[Result "0-1"]
[WhiteElo "2193"]
[BlackElo "2614"]
[PlyCount "104"]
[EventDate "2014.??.??"]

1. e4 c5 2. Nc3 e6 3. f4 a6 4. g3 b5 5. Bg2 Bb7 6. d3 d6 7. Nf3 Nd7 8. O-O Be7
9. g4 h6 10. Qe1 Qc7 11. Bd2 Ngf6 12. Qg3 c4 13. Rfd1 e5 14. h3 b4 15. Ne2 a5
16. b3 cxd3 17. cxd3 Qb6+ 18. Qf2 Qxf2+ 19. Kxf2 Nc5 20. Be3 Nfd7 21. Bxc5 Nxc5
22. fxe5 dxe5 23. Nxe5 Rd8 24. Rac1 O-O 25. Ng3 Ne6 26. Nf5 Bg5 27. Rc4 g6 28.
Ne3 Bf6 29. Nc6 Bxc6 30. Rxc6 Bd4 31. Bf1 a4 32. Ke2 Ra8 33. Nd5 axb3 34. axb3
Ra3 35. Nxb4 Rxb3 36. Nc2 Rb2 37. Rd2 Rd8 38. Kf3 Rb1 39. Bg2 Rb2 40. Bf1 Be5
41. Rf2 Ra8 42. Re2 Rb1 43. Kf2 Rd1 44. Bg2 Rxd3 45. Re3 Rd2+ 46. Re2 Rad8 47.
Rxd2 Rxd2+ 48. Kg1 Kg7 49. Ne1 Bd4+ 50. Kh2 Be5+ 51. Kg1 Nd4 52. Rc4 Bg3 0-1

[Event "Bay Area International"]
[Site "?"]
[Date "2014.01.06"]
[Round "7"]
[White "Banik, Siddharth"]
[Black "Gurevich, Daniel"]
[Result "0-1"]
[WhiteElo "2002"]
[BlackElo "2272"]
[PlyCount "218"]
[EventDate "2014.??.??"]

1. e4 c5 2. Nf3 g6 3. d4 cxd4 4. Nxd4 Nc6 5. Nc3 Bg7 6. Be3 Nf6 7. Bc4 O-O 8.
Bb3 Re8 9. O-O d6 10. h3 Na5 11. f4 Nxb3 12. axb3 Nd7 13. Ndb5 a6 14. Nd5 Rb8
15. Nd4 e6 16. Nc3 e5 17. Nf3 exf4 18. Bxf4 Ne5 19. Bg5 Qb6+ 20. Kh1 Be6 21.
Nd5 Bxd5 22. Qxd5 Qc7 23. c3 Nxf3 24. gxf3 Re5 25. Qd2 Qd7 26. Kg2 Rbe8 27. h4
f5 28. Bf4 R5e6 29. Qd5 fxe4 30. fxe4 Kh8 31. Rae1 Bf6 32. Bg3 Qe7 33. Rf4 Be5
34. Rf3 Bg7 35. Rd3 h5 36. Kh3 Qd7 37. Kg2 Qe7 38. Kh3 Rxe4 39. Rxe4 Qxe4 40.
Qxe4 Rxe4 41. Rxd6 Re2 42. Rxg6 Rxb2 43. Rb6 Bxc3 44. Rxb7 a5 45. Bf4 Kg8 46.
Bg3 Bb4 47. Rg7+ Kf8 48. Ra7 Rxb3 49. Kg2 Ra3 50. Rh7 a4 51. Rxh5 Ra2+ 52. Kf3
a3 53. Rb5 Be7 54. Ra5 Rb2 55. Be5 Rb3+ 56. Ke2 Kf7 57. Kd1 Ke6 58. Kc2 Rh3 59.
Bf4 Bb4 60. Ra4 Bc5 61. Bc1 Kd5 62. Bxa3 Bxa3 63. Kd2 Bc5 64. Rg4 Bd4 65. Ke2
Ke5 66. Kd2 Bf2 67. Ra4 Bd4 68. Ra8 Ke4 69. Re8+ Be5 70. Kc2 Rxh4 71. Kb3 Rh7
72. Rd8 Bd4 73. Kc4 Rc7+ 74. Kb5 Rc5+ 75. Kb4 Kd3 76. Rg8 Rc6 77. Rg5 Ke4 78.
Rg4+ Kd5 79. Rg5+ Be5 80. Kb3 Rc3+ 81. Kb4 Rc2 82. Ka3 Rh2 83. Rf5 Ke4 84. Rf1
Bd4 85. Kb3 Rb2+ 86. Kc4 Rc2+ 87. Kb3 Rc6 88. Re1+ Kd5 89. Re8 Rb6+ 90. Kc2 Kc4
91. Rc8+ Bc5 92. Rc7 Rf6 93. Rd7 Rf8 94. Rd2 Bd4 95. Kd1 Bc3 96. Rh2 Rd8+ 97.
Kc2 Ra8 98. Rh4+ Bd4 99. Rh3 Ra2+ 100. Kd1 Bc3 101. Rh7 Rd2+ 102. Kc1 Rf2 103.
Rd7 Bd4 104. Rc7+ Kd3 105. Kb1 Rb2+ 106. Kc1 Ra2 107. Rb7 Rg2 108. Kb1 Rg1+
109. Ka2 Ra1+ 0-1

[Event "Bay Area International"]
[Site "?"]
[Date "2014.01.06"]
[Round "7"]
[White "Beilin, Allan"]
[Black "Manvelyan, Hayk"]
[Result "1/2-1/2"]
[WhiteElo "2054"]
[BlackElo "2282"]
[PlyCount "64"]
[EventDate "2014.??.??"]

1. c4 Nf6 2. g3 d6 3. Bg2 Nbd7 4. Nc3 c6 5. Nf3 e5 6. d3 Be7 7. O-O O-O 8. Rb1
a5 9. a3 Qc7 10. Nd2 Nb6 11. e4 Bg4 12. f3 Be6 13. f4 exf4 14. gxf4 Ng4 15. Nf3
d5 16. h3 dxe4 17. Nxe4 Nh6 18. Nd4 Bf5 19. Be3 Bxe4 20. Bxe4 Rad8 21. Qh5 Nd7
22. b4 axb4 23. axb4 Nf6 24. Qf3 Nxe4 25. dxe4 Ra8 26. c5 Ra2 27. Ra1 Rfa8 28.
Rxa2 Rxa2 29. Rf2 Ra1+ 30. Rf1 Ra2 31. Rf2 Ra1+ 32. Rf1 Ra2 1/2-1/2

[Event "Bay Area International"]
[Site "?"]
[Date "2014.01.06"]
[Round "7"]
[White "Bryant, John"]
[Black "Piasetski, Leon"]
[Result "1-0"]
[WhiteElo "2410"]
[BlackElo "2289"]
[PlyCount "41"]
[EventDate "2014.??.??"]

1. e4 g6 2. d4 Bg7 3. c4 d6 4. Nc3 e5 5. Nge2 Nc6 6. Be3 Nh6 7. f3 f5 8. Qd2
exd4 9. Nxd4 Nxd4 10. Bxd4 Bxd4 11. Qxd4 O-O 12. h4 Qf6 13. Qd2 Qg7 14. O-O-O
Be6 15. Bd3 a6 16. exf5 Nxf5 17. h5 Ng3 18. Rhe1 Bf5 19. Bxf5 gxf5 20. h6 Qg6
21. Nd5 1-0